000 00620nam a2200193Ia 4500
003 GCL
008 140319s9999 xx 000 0 ara d
040 _aGCL /
_cGCL
082 0 4 _a320.964
_bم م
100 1 _aالمنصف وناس
245 1 0 _aمفهوم المشاركة السياسية فى المغرب العربى /
_cالمنصف وناس
260 _a[S.N] :
_bالهيئة المصرية العامة للكتاب
300 _a98 ص
490 _a
650 0 4 _aالاحوال السياسية
650 0 4 _aالمغرب العربى
650 0 4 _aالاسلام والسياسة
942 _2ddc
_cBK
999 _c32365
_d32365